000 00872nam a2200253Ia 4500
003 OSt
005 20221005112318.0
006 a|||||r|||| 00| 0
007 ta
008 221004b |||||||| |||| 00| 0 pan d
020 _a9788178564364 (hbk)
_c250
024 _a26615
037 _b977, 16/12/2015, H.K. Prakashan
_cTextual
040 _aCRL
_cCRL
_bpan
041 _2pan
_apan
082 _aO153,3NME:g, Q5
100 _aਸਿਮਰਜੀਤ ਕੌਰ
245 0 _aਮਿੰਤਰ ਸੈਨ ਮੀਤ
_b ਨਾਵਲ ਰਚਨਾ
260 _aਅੰਮ੍ਰਿਤਸਰ
_bਵਾਰਿਸ Fਾਹ ਭਾਰਤ
_c2015
300 _a160ਪੰ
_ccm.
650 _aਪੰਜਾਬੀ ਸਾਹਿਤ
942 _hO153,3NME:g, Q5
_cTEXL
_2cc
999 _c1024516
_d1024516